A Seleção Brasileira da Copa do Mundo de 2014 - Statistics

Estatísticas Gerais
  • Esse quiz foi jogado 652 vezes
  • A pontuação média é 17 de 24
Estatísticas das Respostas
Brasil 2014 - Jogadores e Técnico % Correto
Neymar
99%
Júlio César
97%
Thiago Silva
95%
David Luiz
94%
Marcelo
93%
Fred
91%
Daniel Alves
90%
Oscar
86%
Hulk
83%
Luís Felipe Scolari
80%
Bernard
78%
Dante
77%
Luiz Gustavo
69%
Paulinho
69%
Fernandinho
68%
Jefferson
68%
Maicon
67%
65%
Willian
59%
Victor
54%
Ramires
46%
Henrique
43%
Maxwell
40%
Hernanes
36%
Nenhum quiz correspondente encontrado
Distribuição das Pontuações
Porcentagem de Pessoas com Cada Pontuação
Percentil de Números Respondidos
Sua Pontuação Histórica
Você não jogou esse quiz